[Event "Shaoxing (Women) op"]
[Site "Shaoxing"]
[Date "2019.07.17"]
[Round "9"]
[White "Kosteniuk, Alexandra"]
[Black "Dzagnidze, Nana"]
[Result "1/2-1/2"]
[WhiteElo "2517"]
[BlackElo "2511"]
[PlyCount "167"]
[EventDate "2019.07.08"]
[EventType "swiss"]
[EventRounds "9"]
[EventCountry "CHN"]
[SourceTitle "EXT 2020"]
[Source "ChessBase"]
[SourceDate "2019.10.17"]
[SourceVersion "1"]
[SourceVersionDate "2019.10.17"]
[SourceQuality "1"]

1. e4 c5 2. Nc3 Nc6 3. Bb5 Nd4 4. Bc4 e6 5. Nge2 Nf6 6. O-O a6 7. a4 d5 8. exd5
exd5 9. Ba2 Bd6 10. d3 Ne6 11. Ng3 O-O 12. Nh5 d4 13. Nxf6+ Qxf6 14. Ne4 Qe7
15. f4 f5 16. Ng5 h6 17. Nf3 Qc7 18. Qe1 Rf6 19. Qh4 Bd7 20. Bd2 Re8 21. a5 Kh8
22. Ng5 Nd8 23. Rae1 Ref8 24. Re2 Bb5 25. Nf3 c4 26. dxc4 Bxc4 27. Bxc4 Qxc4
28. Rfe1 Nc6 29. Ne5 Bxe5 30. fxe5 Re6 31. Qf4 Qd5 32. h4 Rg6 33. Rf2 Nd8 34.
Bb4 Ne6 35. Qf3 Qxf3 36. Rxf3 Rc8 37. c3 dxc3 38. Bxc3 Rc4 39. Rxf5 Rxh4 40.
Bd2 Rd4 41. Rf2 Kg8 42. Kf1 Rd5 43. Bc3 Rg4 44. Rd2 Rf4+ 45. Kg1 Rxd2 46. Bxd2
Rd4 47. Bc3 Rd3 48. Re4 Rd5 49. Rb4 Rb5 50. Rh4 Kf7 51. Kf2 Nd8 52. Rd4 Ke7 53.
Rg4 g5 54. Re4 Ke6 55. Rd4 Nf7 56. g4 Nxe5 57. Re4 Kd6 58. Kg3 Nc6 59. Ra4 Rd5
60. Kf3 Ne5+ 61. Kg3 Rd3+ 62. Kg2 Nc6 63. Ra1 Ne5 64. Ra4 Ng6 65. Rb4 Nf4+ 66.
Kh2 Kd5 67. Bg7 Rh3+ 68. Kg1 Ne6 69. Rxb7 Nxg7 70. Rxg7 Rg3+ 71. Kh2 Rxg4 72.
Kh3 Ra4 73. Rg6 Rxa5 74. Rxh6 Kc5 75. Kg4 Kc4 76. Rb6 Kc5 77. Rh6 Ra2 78. Kxg5
a5 79. Ra6 a4 80. Kf4 Kc4 81. Ke3 Kb3 82. Rb6+ Kc2 83. Rb4 Rxb2 84. Rxa4
1/2-1/2

[Event "RUS-ch (Women) 69th"]
[Site "Izhevsk"]
[Date "2019.08.10"]
[Round "1"]
[White "Kosteniuk, Alexandra"]
[Black "Goryachkina, Aleksandra"]
[Result "1/2-1/2"]
[WhiteElo "2507"]
[BlackElo "2564"]
[PlyCount "170"]
[EventDate "2019.08.10"]
[EventType "tourn"]
[EventRounds "11"]
[EventCountry "RUS"]
[EventCategory "8"]
[SourceTitle "CBM 192"]
[Source "ChessBase"]
[SourceDate "2019.10.31"]
[SourceVersion "1"]
[SourceVersionDate "2019.10.31"]
[SourceQuality "1"]

1. Nf3 Nf6 2. g3 g6 3. Bg2 Bg7 4. d4 d5 5. O-O O-O 6. c4 c6 7. Qb3 Qb6 8. Nc3
Rd8 9. Na4 Qxb3 10. axb3 Na6 11. Bd2 Bg4 12. e3 Nd7 13. Rfc1 Bxf3 14. Bxf3 e6
15. Rc2 Bf8 16. Ba5 Rdc8 17. Rac1 Bb4 18. Bxb4 Nxb4 19. Rd2 Na6 20. Be2 Nc7 21.
f3 Rd8 22. e4 Rac8 23. Bf1 Ne8 24. Rcd1 Rc7 25. Nc3 Nb6 26. Kf2 a6 27. g4 Kf8
28. h4 dxe4 29. Nxe4 Kg7 30. Nc5 Nd7 31. Nd3 Nef6 32. g5 Ng8 33. h5 Ne7 34. h6+
Kf8 35. Bh3 Nb6 36. Nc5 Nd7 37. Ne4 Nb6 38. Nf6 Nd7 39. d5 cxd5 40. cxd5 Nxf6
41. d6 Rxd6 42. Rxd6 Ne8 43. Rd7 Nd5 44. Rxc7 Nexc7 45. Bf1 Ke7 46. Bc4 f6 47.
Bxd5 Nxd5 48. Rc1 Kd7 49. gxf6 Nxf6 50. Ke3 Ng8 51. Kf4 Nxh6 52. Rh1 Nf7 53.
Rxh7 e5+ 54. Kg3 Ke6 55. Rg7 Kf6 56. Rg8 Nd6 57. Kg4 Kf7 58. Rb8 Kf6 59. Rh8
Ke6 60. Rh1 Nf7 61. Rd1 Ke7 62. b4 Ke6 63. b3 Nh6+ 64. Kg5 Nf5 65. Rd3 Ne7 66.
Rc3 Kd6 67. Rc4 b5 68. Re4 Kd5 69. Kf6 Nc6 70. Re1 Kd4 71. Kxg6 Kd3 72. Kf5
Nd4+ 73. Kg4 Nc6 74. Rd1+ Kc2 75. Rd6 Nxb4 76. Kf5 Kxb3 77. Kxe5 a5 78. f4 a4
79. f5 a3 80. f6 a2 81. Rd1 Nc6+ 82. Kd6 Nd8 83. Ke7 Nc6+ 84. Kd6 Nd8 85. Ke7
Nc6+ 1/2-1/2

[Event "RUS-ch (Women) 69th"]
[Site "Izhevsk"]
[Date "2019.08.11"]
[Round "2"]
[White "Bodnaruk, Anastasia"]
[Black "Kosteniuk, Alexandra"]
[Result "0-1"]
[WhiteElo "2429"]
[BlackElo "2507"]
[PlyCount "130"]
[EventDate "2019.08.10"]
[EventType "tourn"]
[EventRounds "11"]
[EventCountry "RUS"]
[EventCategory "8"]
[SourceTitle "CBM 192"]
[Source "ChessBase"]
[SourceDate "2019.10.31"]
[SourceVersion "1"]
[SourceVersionDate "2019.10.31"]
[SourceQuality "1"]

1. e4 e5 2. Nf3 Nc6 3. Bb5 a6 4. Ba4 Nf6 5. d3 d6 6. c3 g6 7. O-O Bg7 8. h3 O-O
9. Be3 Kh8 10. Nbd2 Nd7 11. d4 f5 12. Bg5 Qe8 13. exf5 gxf5 14. Bxc6 bxc6 15.
dxe5 dxe5 16. Qa4 Qg6 17. Be7 Rg8 18. g3 e4 19. Nh4 Qe6 20. Bg5 Ne5 21. Be3 Nd3
22. Ng2 Nxb2 23. Qa5 Rb8 24. Rab1 Qd5 25. Qa3 Qb5 26. Nf4 Re8 27. Nh5 Be5 28.
Bd4 Bxd4 29. cxd4 Qb4 30. Qe3 Be6 31. Nf6 Rf8 32. Qh6 Qe7 33. Nxh7 Qxh7 34.
Qxe6 Rbe8 35. Qxc6 Nd3 36. Rb7 Re7 37. h4 f4 38. Rfb1 fxg3 39. fxg3 Qg7 40. Nf1
e3 41. R7b3 e2 42. Rxd3 e1=Q 43. Rxe1 Rxe1 44. Rf3 Qxd4+ 45. Kh2 Rxf3 46. Qxf3
Kg7 47. Qf5 Re5 48. Qf3 Re6 49. Kh3 Rf6 50. Qe2 Qd5 51. Kh2 Qf5 52. Kg2 Qe6 53.
Qd3 Qxa2+ 54. Kh3 Qe6+ 55. g4 Rf4 56. Qd1 Qd6 57. Qe2 Rd4 58. h5 Rd3+ 59. Kg2
Qd5+ 60. Kh2 Kf6 61. Ng3 Qd6 62. Qf2+ Kg5 63. Kh3 Qxg3+ 64. Qxg3 Rxg3+ 65. Kxg3
a5 0-1

[Event "RUS-ch (Women) 69th"]
[Site "Izhevsk"]
[Date "2019.08.15"]
[Round "5"]
[White "Kosteniuk, Alexandra"]
[Black "Charochkina, Daria"]
[Result "1-0"]
[WhiteElo "2507"]
[BlackElo "2352"]
[PlyCount "85"]
[EventDate "2019.08.10"]
[EventType "tourn"]
[EventRounds "11"]
[EventCountry "RUS"]
[EventCategory "8"]
[SourceTitle "CBM 192"]
[Source "ChessBase"]
[SourceDate "2019.10.31"]
[SourceVersion "1"]
[SourceVersionDate "2019.10.31"]
[SourceQuality "1"]

1. e4 c6 2. Nc3 d5 3. Nf3 Nf6 4. e5 Ne4 5. Ne2 Qb6 6. d4 e6 7. Ng3 c5 8. Bd3
Nxg3 9. fxg3 Nc6 10. O-O c4 11. Be2 Be7 12. c3 Bd7 13. b3 cxb3 14. axb3 h6 15.
Be3 Na5 16. Nd2 Rc8 17. b4 Nc6 18. Nb3 a5 19. bxa5 Qc7 20. Bd2 O-O 21. Bd3 f5
22. g4 Nd8 23. Qc2 fxg4 24. Bxh6 gxh6 25. Bh7+ Kh8 26. Qg6 Nf7 27. Rxf7 Rxf7
28. Qxf7 Bb5 29. Bc2 Bg5 30. Qg6 Rg8 31. Qxe6 g3 32. Nc5 gxh2+ 33. Kh1 Qg7 34.
Qh3 Bd2 35. Rb1 Qf7 36. Bf5 Bc6 37. Rb6 Qg7 38. a6 Qg5 39. Ne6 Qe7 40. axb7
Bxb7 41. Nc5 Qg5 42. Rxb7 Rf8 43. Bd3 1-0

[Event "RUS-ch (Women) 69th"]
[Site "Izhevsk"]
[Date "2019.08.16"]
[Round "6"]
[White "Shuvalova, Polina"]
[Black "Kosteniuk, Alexandra"]
[Result "1-0"]
[WhiteElo "2419"]
[BlackElo "2507"]
[PlyCount "83"]
[EventDate "2019.08.10"]
[EventType "tourn"]
[EventRounds "11"]
[EventCountry "RUS"]
[EventCategory "8"]
[SourceTitle "CBM 192"]
[Source "ChessBase"]
[SourceDate "2019.10.31"]
[SourceVersion "1"]
[SourceVersionDate "2019.10.31"]
[SourceQuality "1"]

1. e4 e5 2. Nf3 Nf6 3. d4 Nxe4 4. Bd3 d5 5. Nxe5 Nd7 6. Nxd7 Bxd7 7. O-O Be7 8.
Nd2 Nf6 9. h3 O-O 10. Nf3 c5 11. c3 Qb6 12. dxc5 Bxc5 13. b4 Bd6 14. Be3 Qc7
15. Qb3 a6 16. Bd4 Nh5 17. Rfe1 Nf4 18. Bf1 Bf5 19. g3 Nxh3+ 20. Kh2 Qd7 21.
Bg2 Be6 22. Ne5 Qc8 23. f4 Rd8 24. Bxd5 Nxf4 25. gxf4 Bxe5 26. Rxe5 Bxd5 27.
Rxd5 Qg4 28. Rg5 Qxf4+ 29. Rg3 Qh4+ 30. Kg2 Qe4+ 31. Kh3 Rd5 32. Qd1 Rd6 33.
Rxg7+ Kf8 34. Rg4 Rh6+ 35. Kg3 Rg6 36. Qf3 Re8 37. Rf1 Qe6 38. Rxg6 Qxg6+ 39.
Qg4 Re2 40. Qxg6 hxg6 41. Rf2 Re4 42. Rf6 1-0

[Event "RUS-ch (Women) 69th"]
[Site "Izhevsk"]
[Date "2019.08.19"]
[Round "8"]
[White "Kosteniuk, Alexandra"]
[Black "Pogonina, Natalija"]
[Result "1-0"]
[WhiteElo "2507"]
[BlackElo "2457"]
[PlyCount "89"]
[EventDate "2019.08.10"]
[EventType "tourn"]
[EventRounds "11"]
[EventCountry "RUS"]
[EventCategory "8"]
[SourceTitle "CBM 192"]
[Source "ChessBase"]
[SourceDate "2019.10.31"]
[SourceVersion "1"]
[SourceVersionDate "2019.10.31"]
[SourceQuality "1"]

1. e4 e5 2. Nf3 Nc6 3. Bc4 Bc5 4. d3 Nf6 5. a4 h6 6. a5 a6 7. c3 d6 8. O-O O-O
9. Re1 Ba7 10. Be3 Ne7 11. Bxa7 Rxa7 12. Nbd2 Ng6 13. d4 exd4 14. cxd4 d5 15.
exd5 Nxd5 16. Qb3 Ndf4 17. g3 Nh3+ 18. Kg2 Ng5 19. h4 Nxf3 20. Nxf3 Bg4 21. Re4
Qd7 22. Rae1 c6 23. Ne5 Nxe5 24. Rxe5 Raa8 25. d5 cxd5 26. Bxd5 Rad8 27. Qxb7
Qd6 28. Qb6 Qb8 29. R1e4 Bd7 30. Qxb8 Rxb8 31. Re7 Be6 32. Bxe6 fxe6 33. b4
Rbc8 34. R7xe6 Rc2 35. Re2 Rc4 36. Rxa6 Rxb4 37. Ra7 Kh8 38. Ra2 Kh7 39. a6
Rfb8 40. Rc7 Ra8 41. a7 Rb3 42. Ra4 h5 43. Ra5 Kh6 44. Rc6+ g6 45. Raa6 1-0

[Event "Skolkovo FIDE GP (Women)"]
[Site "Skolkovo"]
[Date "2019.09.11"]
[Round "1"]
[White "Paehtz, Elisabeth"]
[Black "Kosteniuk, Alexandra"]
[Result "1/2-1/2"]
[WhiteElo "2479"]
[BlackElo "2495"]
[PlyCount "60"]
[EventDate "2019.09.11"]
[EventType "tourn"]
[EventRounds "11"]
[EventCountry "RUS"]
[EventCategory "11"]
[SourceTitle "EXT 2020"]
[Source "ChessBase"]
[SourceDate "2019.10.17"]
[SourceVersion "1"]
[SourceVersionDate "2019.10.17"]
[SourceQuality "1"]

1. d4 Nf6 2. c4 e6 3. g3 d5 4. Nf3 Bb4+ 5. Bd2 Be7 6. Bg2 O-O 7. O-O c6 8. Qc2
b6 9. Bf4 Nbd7 10. Rd1 Ba6 11. Ne5 Rc8 12. Nc3 Bxc4 13. Nxc4 dxc4 14. e4 b5 15.
a4 a6 16. d5 cxd5 17. exd5 e5 18. Bg5 Bc5 19. axb5 axb5 20. Ra6 h6 21. Bh4 g5
22. Bxg5 hxg5 23. Qf5 g4 24. Ne4 Bb6 25. Nxf6+ Nxf6 26. Qg5+ Kh8 27. Qh6+ Kg8
28. Qg5+ Kh8 29. Qh6+ Kg8 30. Qg5+ Kh8 1/2-1/2

[Event "BL 1920 (Women)"]
[Site "Germany"]
[Date "2020.02.01"]
[Round "5.1"]
[White "Ratay, Meike"]
[Black "Kosteniuk, Alexandra"]
[Result "0-1"]
[WhiteElo "2032"]
[BlackElo "2495"]
[PlyCount "64"]
[EventDate "2019.09.14"]
[EventType "team-tourn"]
[EventRounds "11"]
[EventCountry "GER"]
[SourceTitle "CBM 195 Extra"]
[Source "ChessBase"]
[SourceDate "2020.05.31"]
[SourceVersion "1"]
[SourceVersionDate "2020.05.31"]
[SourceQuality "1"]
[WhiteTeam "Erfurt Medizin (W)"]
[BlackTeam "Baden-Baden (W)"]
[WhiteTeamCountry "GER"]
[BlackTeamCountry "GER"]

1. e4 c6 2. d4 d5 3. e5 Bf5 4. h4 h5 5. c4 e6 6. Nc3 Bb4 7. Nge2 dxc4 8. Ng3
Bg6 9. Bxc4 Ne7 10. a3 Bxc3+ 11. bxc3 c5 12. Bg5 Nbc6 13. Bxe7 Kxe7 14. Ne2
cxd4 15. cxd4 Qa5+ 16. Qd2 Rhd8 17. Qxa5 Nxa5 18. Ba2 Rac8 19. Kd2 Rc2+ 20. Ke3
Rb2 21. Rhc1 Bc2 22. Nc3 Nc6 23. Ne2 Rd7 24. Bc4 Na5 25. Bd3 Nb3 26. Bxc2 Nxa1
27. Ba4 b5 28. Bxb5 Rxb5 29. Rxa1 Rc7 30. Nf4 g6 31. Nd3 Rb3 32. Ke4 Rc2 0-1

[Event "BL 1920 (Women)"]
[Site "Germany"]
[Date "2020.02.02"]
[Round "6.1"]
[White "Kosteniuk, Alexandra"]
[Black "Sieber, Fiona"]
[Result "1/2-1/2"]
[WhiteElo "2495"]
[BlackElo "2228"]
[PlyCount "103"]
[EventDate "2019.09.14"]
[EventType "team-tourn"]
[EventRounds "11"]
[EventCountry "GER"]
[SourceTitle "CBM 195 Extra"]
[Source "ChessBase"]
[SourceDate "2020.05.31"]
[SourceVersion "1"]
[SourceVersionDate "2020.05.31"]
[SourceQuality "1"]
[WhiteTeam "Baden-Baden (W)"]
[BlackTeam "Lehrte (W)"]
[WhiteTeamCountry "GER"]
[BlackTeamCountry "GER"]

1. e4 c5 2. Nf3 d6 3. d4 cxd4 4. Nxd4 Nf6 5. Nc3 a6 6. Bg5 e6 7. Qf3 Bd7 8.
O-O-O Nc6 9. Nxc6 Bxc6 10. Qh3 Qa5 11. Bxf6 gxf6 12. Be2 h5 13. Kb1 O-O-O 14.
f4 Kb8 15. Bf3 Bh6 16. f5 Bf4 17. fxe6 Be5 18. Rd3 fxe6 19. Qxe6 Rc8 20. Qb3
Rh7 21. a3 Ka7 22. h4 Rhc7 23. Qb4 Qxb4 24. axb4 Be8 25. g4 Rc4 26. gxh5 Rxb4
27. Nd1 Ba4 28. b3 Bb5 29. Re3 a5 30. Bg4 Rh8 31. Nc3 Bxc3 32. Rxc3 Rxe4 33.
Bf3 Rf4 34. Rg1 Kb6 35. Re3 Bc6 36. Bd1 Kc5 37. Rc3+ Kb4 38. Kb2 Rxh4 39. Be2
Re8 40. Rc4+ Rxc4 41. Bxc4 Rh8 42. Rg4 Kc5 43. Bf7 b5 44. Rf4 Be8 45. Rf5+ Kc6
46. Bxe8+ Rxe8 47. h6 Re3 48. Rh5 Re8 49. Kc3 Rh8 50. h7 f5 51. Kd4 a4 52. bxa4
1/2-1/2

[Event "EU-ch blitz (Women)"]
[Site "Monte Carlo"]
[Date "2019.11.29"]
[Round "1"]
[White "Kosteniuk, Alexandra"]
[Black "Janzelj, Lara"]
[Result "1-0"]
[WhiteElo "2483"]
[BlackElo "2158"]
[PlyCount "65"]
[EventDate "2019.11.29"]
[EventType "swiss (blitz)"]
[EventRounds "13"]
[EventCountry "MNC"]
[SourceTitle "CBM 193 Extra"]
[Source "ChessBase"]
[SourceDate "2020.01.31"]
[SourceVersion "1"]
[SourceVersionDate "2020.01.31"]
[SourceQuality "1"]

1. e4 e5 2. Nf3 Nc6 3. Bb5 a6 4. Ba4 b5 5. Bb3 g6 6. c3 Bg7 7. a4 b4 8. d4 exd4
9. cxd4 d6 10. a5 Nge7 11. d5 Ne5 12. Nxe5 Bxe5 13. Nd2 O-O 14. Nc4 Bg7 15. Bg5
h6 16. Bh4 g5 17. Bg3 f5 18. exf5 Nxf5 19. O-O Nxg3 20. hxg3 Qf6 21. Qd2 Rb8
22. Ba4 Bb7 23. Rac1 Qf5 24. Ne3 Qf6 25. Rxc7 Qxb2 26. Qd3 Qd4 27. Qg6 Qf6 28.
Qb1 Qb2 29. Nf5 Qxb1 30. Ne7+ Kh7 31. Rxb1 Rf7 32. Bc2+ Kh8 33. Rxb4 1-0

[Event "EU-ch blitz (Women)"]
[Site "Monte Carlo"]
[Date "2019.11.29"]
[Round "3"]
[White "Kosteniuk, Alexandra"]
[Black "Zaksaite, Salomeja"]
[Result "1-0"]
[WhiteElo "2483"]
[BlackElo "2202"]
[PlyCount "64"]
[EventDate "2019.11.29"]
[EventType "swiss (blitz)"]
[EventRounds "13"]
[EventCountry "MNC"]
[SourceTitle "CBM 193 Extra"]
[Source "ChessBase"]
[SourceDate "2020.01.31"]
[SourceVersion "1"]
[SourceVersionDate "2020.01.31"]
[SourceQuality "1"]

1. e4 c5 2. c3 Nf6 3. e5 Nd5 4. Nf3 Nc6 5. Bc4 Nb6 6. Bb3 d6 7. exd6 e6 8. O-O
Bxd6 9. d4 cxd4 10. Nxd4 Nxd4 11. Qxd4 O-O 12. Rd1 Be7 13. Qe4 Qc7 14. Bf4 Qc6
15. Qxc6 bxc6 16. Nd2 Nd5 17. Bg3 Ba6 18. Nc4 Bxc4 19. Bxc4 f5 20. Be5 Bf6 21.
Re1 Kf7 22. Bb3 Rfd8 23. g3 Rd7 24. Re2 Bxe5 25. Rxe5 a5 26. Ba4 Rd6 27. Rd1
Rad8 28. c4 Nb6 29. Rxd6 Rxd6 30. Bb3 Rd2 31. Rxa5 Rxb2 32. Rc5 f4 1-0

[Event "EU-ch blitz (Women)"]
[Site "Monte Carlo"]
[Date "2019.11.29"]
[Round "6"]
[White "Bulmaga, Irina"]
[Black "Kosteniuk, Alexandra"]
[Result "0-1"]
[WhiteElo "2435"]
[BlackElo "2483"]
[PlyCount "94"]
[EventDate "2019.11.29"]
[EventType "swiss (blitz)"]
[EventRounds "13"]
[EventCountry "MNC"]
[SourceTitle "CBM 193 Extra"]
[Source "ChessBase"]
[SourceDate "2020.01.31"]
[SourceVersion "1"]
[SourceVersionDate "2020.01.31"]
[SourceQuality "1"]

1. e4 c5 2. Nf3 e6 3. d4 cxd4 4. Nxd4 Nf6 5. Nc3 Nc6 6. g3 d5 7. Bb5 Bd7 8.
exd5 exd5 9. O-O Be7 10. Re1 O-O 11. Bf1 Bc5 12. Nb3 Bb4 13. Bg2 Bg4 14. f3 d4
15. a3 dxc3 16. Qxd8 Raxd8 17. axb4 Nxb4 18. fxg4 Nxc2 19. Rf1 Nxa1 20. Nxa1
cxb2 21. Bxb2 Nxg4 22. Bf3 Ne3 23. Re1 Nc4 24. Bc1 Rfe8 25. Rxe8+ Rxe8 26. Kf2
b5 27. Bc6 Rc8 28. Bf3 Ne5 29. Bd2 Nxf3 30. Kxf3 f6 31. Ke4 Kf7 32. Nb3 a6 33.
Kd3 g5 34. Bb4 Rc4 35. Bc3 h5 36. Na5 Rg4 37. Nc6 h4 38. gxh4 Rxh4 39. Nb4 a5
40. Nd5 b4 41. Bd2 Rxh2 42. Ne3 Ke6 43. Bc1 f5 44. Nc4 Rh3+ 45. Kd4 a4 46. Bxg5
a3 47. Nd2 a2 0-1

[Event "EU-ch blitz (Women)"]
[Site "Monte Carlo"]
[Date "2019.11.29"]
[Round "8"]
[White "Sebag, Marie"]
[Black "Kosteniuk, Alexandra"]
[Result "1/2-1/2"]
[WhiteElo "2443"]
[BlackElo "2483"]
[PlyCount "103"]
[EventDate "2019.11.29"]
[EventType "swiss (blitz)"]
[EventRounds "13"]
[EventCountry "MNC"]
[SourceTitle "CBM 193 Extra"]
[Source "ChessBase"]
[SourceDate "2020.01.31"]
[SourceVersion "1"]
[SourceVersionDate "2020.01.31"]
[SourceQuality "1"]

1. e4 c5 2. Nf3 e6 3. c3 d5 4. exd5 Qxd5 5. d4 Nc6 6. Na3 Qd8 7. Bf4 Nf6 8.
dxc5 Qxd1+ 9. Rxd1 Bxc5 10. Nb5 Bb6 11. Nc7+ Bxc7 12. Bxc7 O-O 13. Ne5 Nd5 14.
Bd6 Nxe5 15. Bxe5 b6 16. Be2 Bb7 17. O-O f6 18. Bg3 Rfd8 19. Rd2 Ne7 20. Rfd1
Rxd2 21. Rxd2 Kf7 22. Rd7 Bc6 23. Rc7 Rd8 24. Bf4 e5 25. Be3 Rd7 26. Bc4+ Ke8
27. Rxd7 Kxd7 28. a3 Nf5 29. Bd2 Nd6 30. Bg8 h6 31. f3 Bb5 32. Kf2 a5 33. Be3
Kc6 34. h4 a4 35. g4 Bc4 36. Bh7 Bf7 37. Bd3 b5 38. Be2 Bc4 39. Bd1 g5 40. hxg5
hxg5 41. Bc2 Bd5 42. Bd3 Bc4 43. Bc2 Kd5 44. Bb6 Ke6 45. Bc5 Bd5 46. Bxd6 Kxd6
47. Bd3 Kc5 48. Ke3 Bc6 49. Be2 Bd5 50. Bd3 Bc6 51. Be2 Bd5 52. Bd3 1/2-1/2

[Event "EU-ch blitz (Women)"]
[Site "Monte Carlo"]
[Date "2019.11.29"]
[Round "10"]
[White "Muzychuk, Anna"]
[Black "Kosteniuk, Alexandra"]
[Result "0-1"]
[WhiteElo "2543"]
[BlackElo "2483"]
[PlyCount "78"]
[EventDate "2019.11.29"]
[EventType "swiss (blitz)"]
[EventRounds "13"]
[EventCountry "MNC"]
[SourceTitle "CBM 193 Extra"]
[Source "ChessBase"]
[SourceDate "2020.01.31"]
[SourceVersion "1"]
[SourceVersionDate "2020.01.31"]
[SourceQuality "1"]

1. e4 e5 2. Nf3 Nc6 3. Bb5 a6 4. Ba4 Nf6 5. O-O Be7 6. Re1 b5 7. Bb3 d6 8. c3
O-O 9. h3 h6 10. d4 Re8 11. Nbd2 Bf8 12. Nf1 Bb7 13. Ng3 Na5 14. Bc2 Nc4 15. b3
Nb6 16. a4 bxa4 17. bxa4 a5 18. Bd3 Qc8 19. Qc2 g6 20. Rb1 Bg7 21. Bb5 Re7 22.
dxe5 dxe5 23. Ba3 Re6 24. Nf5 Bf8 25. Bxf8 Qxf8 26. Ng3 Qc5 27. Red1 Rd6 28.
Rxd6 cxd6 29. Nd2 d5 30. Nb3 Qc7 31. exd5 Nbxd5 32. c4 Nf4 33. f3 e4 34. Nxe4
Nxe4 35. fxe4 Qe5 36. Re1 Qg5 37. Kh1 Qg3 38. Nc5 Qxe1+ 39. Kh2 Ne2 0-1

[Event "EU-ch blitz (Women)"]
[Site "Monte Carlo"]
[Date "2019.11.29"]
[Round "13"]
[White "Kosteniuk, Alexandra"]
[Black "Kashlinskaya, Alina"]
[Result "0-1"]
[WhiteElo "2483"]
[BlackElo "2486"]
[PlyCount "118"]
[EventDate "2019.11.29"]
[EventType "swiss (blitz)"]
[EventRounds "13"]
[EventCountry "MNC"]
[SourceTitle "CBM 193 Extra"]
[Source "ChessBase"]
[SourceDate "2020.01.31"]
[SourceVersion "1"]
[SourceVersionDate "2020.01.31"]
[SourceQuality "1"]

1. e4 e6 2. d4 d5 3. exd5 exd5 4. Nf3 Bd6 5. c4 Nf6 6. c5 Be7 7. Bd3 O-O 8. O-O
b6 9. b4 a5 10. Bd2 axb4 11. Bxb4 Nc6 12. Ba3 Bg4 13. Be2 Ne4 14. Qc1 bxc5 15.
dxc5 Bf6 16. Bb2 Rb8 17. Bxf6 Qxf6 18. Nbd2 Rb2 19. Rb1 Rxd2 20. Nxd2 Bxe2 21.
Nxe4 dxe4 22. Re1 Bd3 23. Rb7 Nd4 24. Qb2 Qc6 25. Rb8 Qxc5 26. Rxf8+ Kxf8 27.
a4 Ne2+ 28. Kh1 Qb6 29. Qa3+ Kg8 30. Qe7 g6 31. Qe8+ Kg7 32. Qe5+ Kh6 33. Rf1
f6 34. Qa1 Nd4 35. a5 Qa7 36. Rg1 Kg7 37. Qa3 Nc6 38. Qc3 Nxa5 39. Ra1 Qxf2 40.
Qxc7+ Kh6 41. Qc1+ g5 42. Qg1 Qxg1+ 43. Kxg1 Nc4 44. Kf2 Kg6 45. Ra7 h5 46. Re7
Kf5 47. g3 Ne5 48. h3 Kg6 49. Ke3 Kf5 50. Re8 g4 51. h4 Nc4+ 52. Kd4 Nd6 53.
Rh8 Kg6 54. Ke3 Nf5+ 55. Kf4 e3 56. Re8 e2 57. Re6 Nd4 58. Re3 Nc2 59. Rxe2
Bxe2 0-1

[Event "EU-ch rapid (Women)"]
[Site "Monte Carlo"]
[Date "2019.12.01"]
[Round "6"]
[White "Kosteniuk, Alexandra"]
[Black "Terbe, Julianna"]
[Result "1-0"]
[WhiteElo "2483"]
[BlackElo "2287"]
[PlyCount "125"]
[EventDate "2019.11.30"]
[EventType "swiss (rapid)"]
[EventRounds "11"]
[EventCountry "MNC"]
[SourceTitle "CBM 193 Extra"]
[Source "ChessBase"]
[SourceDate "2020.01.31"]
[SourceVersion "1"]
[SourceVersionDate "2020.01.31"]
[SourceQuality "1"]

1. Nf3 d5 2. g3 Nf6 3. Bg2 c6 4. O-O Bf5 5. c4 e6 6. cxd5 exd5 7. d3 Be7 8. Qb3
Qb6 9. Qc2 O-O 10. Nc3 h6 11. e4 dxe4 12. dxe4 Bh7 13. Be3 Qa5 14. Nd4 Nbd7 15.
Qe2 Rfe8 16. Nb3 Qb4 17. Rad1 Bf8 18. Rd4 Qe7 19. Rfd1 Nb6 20. Bf4 Rad8 21. Qd3
Rxd4 22. Qxd4 Qb4 23. f3 Qxd4+ 24. Rxd4 Nfd7 25. Rd1 Ne5 26. Na5 Nec4 27. Nxc4
Nxc4 28. b3 Nb6 29. Bc7 Bb4 30. Ne2 f5 31. Rd8 Rxd8 32. Bxd8 fxe4 33. fxe4 Kf7
34. Nf4 g5 35. Nd3 Bc3 36. Bc7 Nd7 37. Kf2 Nc5 38. Nxc5 Bd4+ 39. Kf3 Bxc5 40.
Bh3 Ke7 41. Bc8 b5 42. Be5 Bg6 43. Bg7 h5 44. e5 g4+ 45. Kf4 Bg1 46. Bf6+ Ke8
47. e6 Bc5 48. Bd7+ Kf8 49. Bxc6 b4 50. Kg5 Bb1 51. Kxh5 Bxa2 52. Ba4 Be7 53.
Bd4 a5 54. Kxg4 Bb1 55. h4 Kg8 56. Kf4 Kh7 57. g4 Kg6 58. Be8+ Kh7 59. g5 Bc2
60. h5 Bxb3 61. Bg6+ Kg8 62. h6 Bd6+ 63. Ke3 1-0

[Event "Monaco FIDE GP (Women)"]
[Site "Monte Carlo"]
[Date "2019.12.08"]
[Round "6"]
[White "Kosteniuk, Alexandra"]
[Black "Koneru, Humpy"]
[Result "1/2-1/2"]
[WhiteElo "2483"]
[BlackElo "2577"]
[PlyCount "80"]
[EventDate "2019.12.03"]
[EventType "tourn"]
[EventRounds "11"]
[EventCountry "MNC"]
[EventCategory "11"]
[SourceTitle "CBM 193 Extra"]
[Source "ChessBase"]
[SourceDate "2020.01.31"]
[SourceVersion "1"]
[SourceVersionDate "2020.01.31"]
[SourceQuality "1"]

1. e4 e5 2. Bc4 Nf6 3. d3 c6 4. Nf3 Be7 5. Nc3 d6 6. a4 O-O 7. O-O Na6 8. d4
exd4 9. Nxd4 Nb4 10. Re1 Re8 11. Bg5 h6 12. Bh4 d5 13. exd5 Nfxd5 14. Bxe7 Rxe7
15. Rxe7 Qxe7 16. Nxd5 Nxd5 17. Bxd5 cxd5 18. Qe1 Qe4 19. Qd2 Bd7 20. Re1 Qg6
21. b3 Qd6 22. h3 Rc8 23. Re3 a6 24. Rd3 Qc7 25. c3 Qb6 26. Qf4 Re8 27. Re3
Rxe3 28. Qxe3 Qd6 29. Ne2 a5 30. Qd4 Qg6 31. Kh2 Qe4 32. Qd2 b5 33. axb5 Bxb5
34. Nd4 Bd7 35. Qd1 Qe5+ 36. Kg1 Qc7 37. Qf3 Qe5 38. Qd1 Qc7 39. Qd3 Qe5 40.
Qd1 Qc7 1/2-1/2

[Event "Monaco FIDE GP (Women)"]
[Site "Monte Carlo"]
[Date "2019.12.10"]
[Round "7"]
[White "Lagno, Kateryna"]
[Black "Kosteniuk, Alexandra"]
[Result "1-0"]
[WhiteElo "2549"]
[BlackElo "2483"]
[PlyCount "95"]
[EventDate "2019.12.03"]
[EventType "tourn"]
[EventRounds "11"]
[EventCountry "MNC"]
[EventCategory "11"]
[SourceTitle "CBM 193 Extra"]
[Source "ChessBase"]
[SourceDate "2020.01.31"]
[SourceVersion "1"]
[SourceVersionDate "2020.01.31"]
[SourceQuality "1"]

1. e4 e5 2. Nf3 Nc6 3. Bb5 a6 4. Ba4 Nf6 5. O-O Be7 6. d3 b5 7. Bb3 O-O 8. a4
b4 9. Bd5 Nxd5 10. exd5 Nd4 11. Nxe5 d6 12. Nc4 Bg5 13. Be3 Nf5 14. Nbd2 Nxe3
15. Nxe3 Bb7 16. Ndc4 Qf6 17. Qd2 a5 18. c3 Qh6 19. cxb4 Bf4 20. g3 Bxd5 21.
Qd1 Bxe3 22. Nxe3 Bb7 23. Rc1 c6 24. bxa5 Rxa5 25. b4 Rh5 26. h4 Re8 27. Re1
Rhe5 28. d4 Re4 29. Qd3 Qe6 30. Ng2 c5 31. f3 c4 32. Qc3 Rxe1+ 33. Rxe1 Qd7 34.
Rxe8+ Qxe8 35. b5 Qa8 36. Qxc4 Bxf3 37. Ne3 g6 38. d5 Qa5 39. Kf2 Bh1 40. Qd4
f5 41. h5 f4 42. gxf4 Qd8 43. h6 Qh4+ 44. Kg1 Qxh6 45. b6 Qh4 46. b7 Qe1+ 47.
Nf1 Qb1 48. Qa7 1-0